| 000 | 00880nam a2200229 a 4500 | ||
|---|---|---|---|
| 001 | 59866 | ||
| 003 | BD-RjUL | ||
| 005 | 20211209080757.0 | ||
| 008 | 161227s1986 bg ||||| |||| 00| 0 ben d | ||
| 020 | _c: TK 20.00 | ||
| 035 | _a(BD-RjUL)59990 | ||
| 040 |
_aBD-RjUL _bben _cBD-RjUL |
||
| 041 | _aben | ||
| 082 |
_223 _a370.95492 _bMAB 1986 |
||
| 100 |
_aমাহবুব-উল-হক, ফিরদৌস _9178123 |
||
| 245 | 1 | 0 |
_aবাংলাদেশে শিক্ষা : _bপদ্ধতি ও পরিচালনা / _c ফিরদৌস মাহবুব-উল-হক |
| 260 |
_aঢাকা : _bপালক পাবলিশার্স, _c১৯৮৬ |
||
| 300 |
_a৫৫ পৃ. ; _c২১ সেমি. |
||
| 650 |
_aশিক্ষা _zবাংলাদেশ _9178124 |
||
| 650 |
_aEducation _zBangladesh _9178125 |
||
| 942 |
_2ddc _cBK |
||
| 999 |
_c59866 _d59866 |
||